00655nam a2200229 a 4500001001300000003000900013005001700022008004100039020001000080082002100090100001800111245005600129260002300185300000800208500003500216650002200251700001800273902000800291942000700299952010200306999001700408nice12345678IN_TiNIC20260116014237.0070312s2000 dela grd 000 0 eng  ac10000a324.245408bPAN2 aPanikkar, K N aCultural Roots of Communalism, Facts and Myths (CD) aDelhibAnhadc2000 a00p aincludes index and biblioraphy aCommunalism-India1 aPanikkar, K N bSRS cND 00104070aHMIbHMId2011-04-25g100.00l0o324.245408 PAN2p021406r2011-04-25w2026-01-16yVM c14489d14489